| 000 | 01434nam0a2200289 4500 | ||
|---|---|---|---|
| 001 | RU\NLR\bibl\1154276 | ||
| 005 | 20250615081122.0 | ||
| 010 |
_a978-5-7942-0539-8 _9500 |
||
| 021 |
_aRU _b2007-67337 _93610 |
||
| 035 | _a(NLR Aleph) 001141058 | ||
| 090 |
_a1417987 _c1417987 |
||
| 100 | _a20071115d2007 |||y0rusy50 ca | ||
| 101 | 0 | _arus | |
| 102 | _aRU | ||
| 105 | _aa ||||||||| | ||
| 200 | 1 |
_aЕвропейская валютная интеграция _eучебное пособие _eдля студентов, обучающихся по специальности "Мировая экономика" _fВ.Я. Пищик _gФГОУ ВПО "Финансовая акад. при Правительстве Рос. Федерации" (Финакад.), Каф. мировой экономики и междунар. валют.-кредит. отношений |
|
| 210 |
_aМосква _cФинакадемия _d2007 |
||
| 215 |
_a345 с. _cил. _d20 |
||
| 320 | _aБиблиогр.: с. 335-342 | ||
| 606 | 1 |
_aВалютная политика _jУчебные издания для высших учебных заведений _yЕвропейские страны _92218389 _3RU\NLR\auth\661332213 |
|
| 686 | _aУ26(4)826я73 | ||
| 700 | 1 |
_aПищик _bВ. Я. _gВиктор Яковлевич _4070 |
|
| 801 | 0 |
_aRU _bNLR _c20071115 _gRCR |
|
| 801 | 1 |
_aRU _bNLR _c20071115 |
|
| 942 | _cBOOK | ||
| 980 | _aNB | ||